| 000 | 00759nam a2200205 u 4500 | ||
|---|---|---|---|
| 005 | 20230302063628.0 | ||
| 008 | 071108s1976 mx r 000 0 spa d | ||
| 020 | _a8436900502 | ||
| 035 | _aUPN01000153426 | ||
| 049 | _aUNE | ||
| 080 | _a371.212. 7 GIM. | ||
| 100 | 1 |
_aGimeno Sacristán, José, _d1947- _930980 |
|
| 245 | 1 | 0 |
_aAutoconcepto, sociabilidad y rendimiento escolar / _cJosé Gimeno Sacristán. |
| 260 |
_aMadrid : _bDepartamento de Prospección Educativa, Sección de Coordinación y Control de Programas de Investigación, _c1976. |
||
| 300 |
_a263 p. : _bfots. |
||
| 690 | _aRendimiento del alumno - Influencia social | ||
| 690 | _aRendimiento del alumno - Rol del docente | ||
| 690 | _aEspaña - Rendimiento del alumno | ||
| 905 | _aUNESCO | ||
| 999 |
_c125547 _d125547 |
||